• 首页
  • 本馆介绍
  • 公告通知
  • 最新文献
  • 馆藏检索
  • 电子资源
  • 读者导购
  • 参考咨询
  • 我的图书馆
  • 登录
  • 详细信息显示
  • 放入我的书架
  • 预约/预借图书
  • 作者相关作品
  • 分类相关作品
  • 丛书相关作品
  • 出版社相关作品

书目信息

  • 表格格式
  • 工作单格式
  • 卡片格式
题名:
社会主义经济思想简史
    
 
作者: 哈达赫 , Hardach 著 ;李宗正 , 李树 译
分册:  
出版信息: 北京   人民出版社  1983
页数: 158页
开本: 19cm
丛书名:
单 册:
中图分类: F091.9
科图分类:
主题词: 社会主义政治经济学-经济思想史 , 经济思想史-社会主义政治经济学
电子资源:
ISBN:
000 00996nam0 2200313 45
001 0183002991
005 20040422085407.7
010    @dCNY0.43
091    @a4001.454
100    @a19950727d1983 em y0chiy0121 ea
101 1  @achi@ceng
102    @aCN@b110000
105    @ay z 000yy
106    @ar
200 10 @a社会主义经济思想简史@Ashe hui zhu yi jing ji si xiang jian shi@f(德)格尔德·哈达赫(G.Hardach)等著@g李宗正,李树译
210    @a北京@c人民出版社@d1983
215    @a158页@d19cm
300    @a书名原文:A short history of socialist economic thought
510 1  @aA short history of socialist economic thought@zeng
606    @a社会主义政治经济学-经济思想史
606    @a经济思想史-社会主义政治经济学
690    @aF091.9@v3
701  1 @a哈达赫@Aha da he@bG.@4著
701 A1 @aHardach@bG.@4著
702  0 @a李宗正@Ali zong zheng@4译
702  0 @a李树@Ali shu@4译
801  0 @aCN@b上海图书馆@c20040422
801  2 @aCN@bNLC@c20040422
905    @f5@b96831-835@dF091.9@e14
    
    社会主义经济思想简史/(德)格尔德·哈达赫(G.Hardach)等著/李宗正,李树译.-北京:人民出版社,1983
    158页;19cm
    书名原文:A short history of socialist economic thought
    
    ISBN :CNY0.43
    
●
相关链接 在E读中查询图书 在五车中查询图书 在当当中查询图书 在豆瓣中查询图书


正题名:社会主义经济思想简史     索取号:F091.9/14         预约/预借

序号 登录号 条形码 馆藏地/架位号 状态 备注
1 0096831   000194364   密集书库/ [索取号:F091.9/14] 在馆    
2 0096832   000194373   密集书库/ [索取号:F091.9/14] 在馆    
3 0096833   000194355   密集书库/ [索取号:F091.9/14] 在馆    
4 0096834   000194382   第一借阅区/ [索取号:F091.9/14] 在馆    
5 0096835   000194346   第一样本阅览室/ [索取号:F091.9/14] 在馆    
唐山师范学院图书馆 欢迎您!
大连网信软件有限公司© 版权所有